Science, technology and society: : (Record no. 364017)
[ view plain ]
| 000 -LEADER | |
|---|---|
| fixed length control field | 00524nam a2200133Ia 4500 |
| 008 - FIXED-LENGTH DATA ELEMENTS--GENERAL INFORMATION | |
| fixed length control field | 200902s9999 xx 000 0 und d |
| 020 ## - INTERNATIONAL STANDARD BOOK NUMBER | |
| International Standard Book Number | 978-621-406-180-8 |
| 100 ## - MAIN ENTRY--PERSONAL NAME | |
| Personal name | Contreras, Antonio P. |
| 245 ## - TITLE STATEMENT | |
| Statement of responsibility, etc | Antonio P. Contreras , Dennis S. Erasga , Roberto E. Javier Jr..-- |
| Title | Science, technology and society: : |
| Remainder of title | a critical approach / |
| 260 ## - PUBLICATION, DISTRIBUTION, ETC. (IMPRINT) | |
| Place of publication, distribution, etc | Manila : |
| Name of publisher, distributor, etc | Mindshapers Co., Inc. |
| Date of publication, distribution, etc | 2018 |
| 300 ## - PHYSICAL DESCRIPTION | |
| Extent | xi , 204 pages : |
| Other physical details | illustrations ; |
| Dimensions | 23 cm. |
| 650 ## - SUBJECT ADDED ENTRY--TOPICAL TERM | |
| Topical term or geographic name as entry element | Science -- social aspects |
| 650 ## - SUBJECT ADDED ENTRY--TOPICAL TERM | |
| Topical term or geographic name as entry element | Science -- study and teaching |
| Withdrawn status | Lost status | Damaged status | Home library | Current library | Shelving location | Date acquired | Source of acquisition | Total Checkouts | Full call number | Barcode | Date last seen | Price effective from | Koha item type |
|---|---|---|---|---|---|---|---|---|---|---|---|---|---|
| College Library | College Library | Filipiniana Section | 09/02/2020 | Q183.3.A1 .C764 2018 | C22220 | 09/02/2020 | 09/02/2020 | Books |